Reglamento de basquetbol : 2003-2004 /

Guardado en:
Formato: Libro
Publicado: Buenos Aires : Stadium, 2004
Materias:
Etiquetas: Agregar Etiqueta
Sin Etiquetas, Sea el primero en etiquetar este registro!
LEADER 00634nam a22001815a 4500
001 CEM.cems011913
005 20070523120039.0
008 130507s2004##################000#0#####d
003 CEMS
020 |a 9505312008 
082 0 4 |a 796.32 
245 0 0 |a Reglamento de basquetbol :  |b 2003-2004 / 
260 |a Buenos Aires :  |b Stadium,  |c 2004 
300 |a 114 p. 
653 |a Reglamento de básquetbol 
859 |a CEMS  |b BIB. CEMS - 11 de abril  |h 796.32  |i R263  |p 22997.05  |t Ej.1  |v 2004  |3 2004 
859 |a CEMS  |b BIB. CEMS - 11 de abril  |h 796.32  |i R263  |p 22998.05  |t Ej.2  |v 2004  |3 2004 
859 |a CEMS  |b BIB. CEMS - 11 de abril  |h 796.32  |i R263  |p 25506.08  |t Ej.3  |v 2004  |3 2004